English etymology /

Bibliographic Details
Main Author: Bammesberger, Alfred, 1938-
Format: Book
Language:English
Published: Heidelberg : C. Winter, 1984.
Series:Sprachwissenschaftliche studienbucher. Erste Abteilung.
Subjects:

MARC

Tag First Indicator Second Indicator Subfields
LEADER 00000cam a2200000 a 4500
001 in00000026795
005 20151007054541.0
008 870122s1984 gw a b 00110 eng c
010 |a  87672130  
020 |a 3533035875 
020 |a 3533035883 (pbk.) 
035 |a (OCoLC)13046113 
035 |9 AAB5455AM 
040 |a MH  |c HLS  |d m/c  |d TXA  |d UtOrBLW 
049 |a TXAM  |c [A11531168] 
050 1 0 |a PE1571  |b .B35x 1984 
050 4 |a PE1571  |b .B35 1984 
100 1 |a Bammesberger, Alfred,  |d 1938- 
245 1 0 |a English etymology /  |c Alfred Bammesberger. 
264 1 |a Heidelberg :  |b C. Winter,  |c 1984. 
300 |a 163 pages :  |b illustrations ;  |c 20 cm. 
336 |a text  |b txt  |2 rdacontent 
337 |a unmediated  |b n  |2 rdamedia 
338 |a volume  |b nc  |2 rdacarrier 
490 1 |a Sprachwissenschaftliche Studienbücher. Erste Abteilung 
504 |a Bibliography: pages [150]-154. 
500 |a Includes index. 
650 0 |a English language  |x Etymology. 
830 0 |a Sprachwissenschaftliche studienbucher.  |p Erste Abteilung. 
999 |a MARS 
999 f f |s 30bbf4b3-78cd-3bed-8055-01b4c6bf1b2f  |i 7b7f0818-8f9a-3879-ba1e-4b858263e279  |t 0 
952 f f |p ric  |a Texas A&M University  |b Rellis Campus  |c Joint Library Facility  |s JLF  |d Remote Storage  |t 0  |e PE1571 .B35 1984  |h Library of Congress classification  |i unmediated -- volume  |m A14811531168 
998 f f |a PE1571 .B35 1984  |t 0  |l Remote Storage